| 000 | 01135cam a22003011i 4500 | ||
|---|---|---|---|
| 003 | SA-RiAUC | ||
| 005 | 20241124081735.0 | ||
| 008 | 241123s1994 su g b 000 0 ara c | ||
| 020 | _a9960749290 | ||
| 040 |
_aSA-JeALM _bara _cSA-RiAUC _erda |
||
| 050 | 4 | _bA35 1994 | |
| 082 | 0 | 4 | _a251.222 |
| 090 |
_a251.222 _bف ا ل |
||
| 100 | 1 |
_aالفالح، مساعد بن قاسم، _d1375 هجري- _eمؤلف. |
|
| 245 | 1 | 2 |
_aالإعلان المشروع والممنوع في الفقه الإسلامي / _cمساعد بن قاسم الفالح. |
| 250 | _aالنشرة الأولى. | ||
| 264 | 1 |
_aالرياض : _bدار العاصمة، _c1995 |
|
| 300 |
_a186 صفحة ؛ _c24 سم |
||
| 336 |
_aنص _btxt _2rdacontent _3كتاب |
||
| 337 |
_aبدون وسيط _bn _2rdamedia |
||
| 338 |
_aمجلد _bnc _2rdacarrier |
||
| 504 | _aببليوجرافية : صفحة 175-181. | ||
| 650 | 7 |
_aالإعلان (فقه إسلامي) _2aucsh |
|
| 650 | 7 |
_aالحلال والحرام _2aucsh |
|
| 650 | 7 |
_aالحظر والإباحة _2aucsh |
|
| 942 |
_2ddc _cBOOK _n0 |
||
| 949 |
_aSA-JeALM _d241123 _umohamedma123 _n1 |
||
| 999 |
_c2693 _d2693 |
||